Agrometeorología /

Guardado en:
Autor Principal: Murphy, Guillermo Mario.
Otros Autores: Hurtado, Rafael Horacio.
Formato: Libro
Idioma:Spanish
Publicado: Buenos Aires : Editorial Facultad de Agronomía, UBA, 2013.
Edición:2a ed. (ampliada).
Etiquetas: Agregar Etiqueta
Sin Etiquetas, Sea el primero en etiquetar este registro!
LEADER 02231nam a22002295a 4500
001 EEA.libagro009702
005 20181010085403.0
008 140514s2013####ag#a##########000#0#spa#d
020 |a 9789872933852 
082 0 4 |a 630.2515 
100 1 |a Murphy, Guillermo Mario. 
245 1 0 |a Agrometeorología /  |c Guillermo M. Murphy, Rafael H. Hurtado, editores. 
250 |a 2a ed. (ampliada). 
260 |a Buenos Aires :  |b Editorial Facultad de Agronomía, UBA,  |c 2013. 
300 |a xxii, 490 p. :  |b il. ;  |c 26 cm. 
505 0 |a I. Introducción -- Pte. 1. Fundamentos de climatología y meteorología: II. El sistema climático -- III. La atmósfera -- IV. La Tierra -- V. Energía atmosférica -- VI. Temperatura del suelo y del aire -- VII. El ciclo del agua -- VII.1. Humedad atmosférica -- VII.2. Precipitación -- VII.3. Evaporación y evapotranspiración -- VII.4. El balance del agua del suelo -- VIII. El movimiento de la atmósfera -- VIII.1. Presión atmosférica -- VIII.2. Movimiento atmosférico -- IX. Variabilidad y cambio climático -- X. Productos meteorológicos y climáticos -- Pte. 2. Bioclimatología agrícola y agroclimatología: XI. Fundamentos de Bio y Agroclimatología -- XII. Fenología -- XIII. Observación fenológica -- XIV. Métodos de investigación en Bioclimatología Agrícola y Agroclimatología -- XV. Acción de los elementos meteorológicos sobre los cultivos -- XVI. Índices Biometeorológicos y Bioclimáticos -- XVII. Clasificaciones agroclimáticas -- Pte. 3. Tiempo, clima y producción agropecuaria: XVIII. Adversidades climáticas -- XVIII.1. Heladas -- XVIII.2. Sequías -- XVIII.3. Granizo -- XIX. La evolución del clima y la producción agrícola argentina -- XX. Tiempo, clima y ganadería -- XXI. Sistemas de pronóstico de enfermedades -- XXII. El clima argentino -- Bibliografía general. 
700 1 |a Hurtado, Rafael Horacio. 
859 |a AR-BbBCA  |b BIB. AGRONOMIA  |h 630.2515  |i M978a2  |p 2014/6370 
859 |a AR-BbBCA  |b BIB. AGRONOMIA  |h 630.2515  |i M978a2  |p 2014/6371  |t Ej.2 
859 |a AR-BbBCA  |b BIB. AGRONOMIA  |h 630.2515  |i M978a2  |p 2017/6831  |t Ej.3 
859 |a AR-BbBCA  |b BIB. AGRONOMIA  |h 630.2515  |i M978a2  |p 2017/6833  |t Ej.4 
859 |a AR-BbBCA  |b BIB. AGRONOMIA  |h 630.2515  |i M978a2  |p 2017/6834  |t Ej.5